Der Einfluss der Kunstideen des Veit Stoss in Mittelosteuropa
| Titel: | Der Einfluss der Kunstideen des Veit Stoss in Mittelosteuropa : ein Diskussionsbeitrag / Alicja Karłowska-Kamzowa |
|---|---|
| Verfasser: | |
| In: |
Veit Stoss, (1985), Seite 260-268 alle Artikel anzeigen |
| Veröffentlicht: | 1985 |
| Format: | Aufsatz |
| Sprache: | Deutsch |
X
alg: 54314784 001A $03025:23-03-26 001B $03025:23-03-26 $t12:27:26.000 001D $03025:23-03-26 001U $0utf8 001X $00 002@ $0Aou 002C $aText $btxt $2rdacontent 002D $aohne Hilfsmittel zu benutzen $bn $2rdamedia 002E $aBand $bnc $2rdacarrier 003@ $0543147843 010@ $ager 010E $erda 011@ $a1985 021A $aDer @Einfluss der Kunstideen des Veit Stoss in Mittelosteuropa $dein Diskussionsbeitrag $hAlicja Karłowska-Kamzowa 028A $BVerfasser $RKamzy, Tadeusz $#Kamzowa, Alicja Karłowska- $#Karłowska, Alicja $#Kamzowa, Alicja $#Kamzowa, Alicja K.- $4aut $7121413144 $8Karłowska-Kamzowa, Alicja$Z1935-1999 [Tp1] $9088073440 031A $h260-268 $j1985 039B $aEnthalten in $8--Aau--. Veit Stoss. - München : Dt. Kunstverlag, 1985. - 355 Seiten. - Illustrationen. - ISBN 3-422-00756-3 $x198500000000000740 $900447130X 044K $#Stwosz, Wit $#Stosz, Wit $#Stoss, Veit $#Stoss, Guy $7118618768 $8Stoß, Veit$Z1447-1533 [Tp1] $9086959719 044K $RMitteleuropa $RVisegrád-Staaten $ROsteuropa $#Ostmitteleuropa $#Ostmitteleuropa $#Mitteleuropa, Ost $#Central Europe Ostmitteleuropa $#Mittelosteuropa $74075753-5 $8Ostmitteleuropa [Tg1] $9085214485 044K $RKultur $#Ethnic relations $#Cultural relations $#Relations interethniques $#Relations culturelles $#Relaciones étnicas $#Relaciones culturales $#Interkulturelle Beziehungen $#kulturelle Beziehungen $#Internationale Kulturbeziehungen $#Kulturelle Beziehungen $#Kulturbeziehung $74033552-5 $8Kulturbeziehungen [Ts1] $9085089621 044K $RKulturbeziehungen $RKulturkontakt $RKulturaustausch $#Culture diffusion $#Diffusion de la culture $#Kulturvermittlung $#Kulturtransfer $74165992-2 $8Kulturvermittlung [Ts1] $9085745332 045F $a709.43709031 $eDDC23BSB 045F/01 $a709 045F/01 $f09024 045F/03 $f09031 045F/03 $g437 045F/03 $g438 lok: 54314784 78 exp: 54314784 78 1 #EPN 201B/01 $023-03-26 $t11:35:23.000 201C/01 $023-03-26 201U/01 $0utf8 203@/01 $01338937731 208@/01 $a23-03-26 $be 209A/01 $a/ $f000 $x00 209A/01 $ab*p $x01 220C/01 $apgar 244Z/01 $#Generalgouvernement Polen $#Polska $#Rzeczpospolita Polska $#Polska Rzeczpospolita Ludowa $#Poland $#Pologne $#République Polonaise $#Generalne Gubernatorstwo w Polsce $#Polish People's Republic $#Polska Rzeczpospolita Polen $#PRL $#RP $#Polen Generalgouvernement $#Polska Generalgouvernement $#Besetzte Polnische Gebiete $#Besetztes Gebiet in Polen $#Okupowane Polskie Obszary $#Obszary Okupowane w Polsce $#Volksrepublik Polen $#Polska Rosyjska $#Republic Polen $#Respublika Pol'ša $#Pol'skaja Narodnaja Respublika $#République de Pologne $#Polen Links der Weichsel $#Polska po Lewej Stronie Wisły $#Lenkija $#Polija $#Gubernija Carstva Pol'skago $#Republik Polen $74046496-9 $8--Tg1--Polen $x01 $9085129801 244Z/01 $#Ostmitteleuropa $#Ostmitteleuropa $#Mitteleuropa, Ost $#Central Europe Ostmitteleuropa $#Mittelosteuropa $74075753-5 $8--Tg1--Ostmitteleuropa $x05 $9085214485 247C/01 $82080>Marburg/Lahn, Herder-Institut, Forschungsbibliothek, Bibliographieportal $9336309341
| LEADER | 00000naa a2200000 c 4500 | ||
|---|---|---|---|
| 001 | 543147843 | ||
| 003 | DE-603 | ||
| 005 | 20260323122726.0 | ||
| 007 | tu | ||
| 008 | 260323s1985 xx |||| | u00||u|ger c | ||
| 035 | |a (DE-599)HEB543147843 | ||
| 040 | |a DE-603 |b ger |c DE-603 |d DE-603 |e rda | ||
| 041 | |a ger | ||
| 082 | 0 | 4 | |8 1\u |a 709.43709031 |q DE-101 |2 23/BSB |
| 085 | |8 1\u |b 709 | ||
| 085 | |8 1\u |z 1 |s 09031 | ||
| 085 | |8 1\u |z 2 |s 437 | ||
| 085 | |8 1\u |z 2 |s 438 | ||
| 100 | 1 | |a Karłowska-Kamzowa, Alicja |d 1935-1999 |e Verfasser |4 aut |0 (DE-603)088073440 |0 (DE-588)121413144 |2 gnd | |
| 245 | 0 | 0 | |a Der Einfluss der Kunstideen des Veit Stoss in Mittelosteuropa |b ein Diskussionsbeitrag |c Alicja Karłowska-Kamzowa |
| 264 | 0 | |c 1985 | |
| 336 | |a Text |b txt |2 rdacontent | ||
| 337 | |a ohne Hilfsmittel zu benutzen |b n |2 rdamedia | ||
| 338 | |a Band |b nc |2 rdacarrier | ||
| 600 | 1 | 7 | |a Stoß, Veit |d 1447-1533 |0 (DE-588)118618768 |0 (DE-603)086959719 |2 gnd |
| 650 | 7 | |a Kulturbeziehungen |0 (DE-588)4033552-5 |0 (DE-603)085089621 |2 gnd | |
| 650 | 7 | |a Kulturvermittlung |0 (DE-588)4165992-2 |0 (DE-603)085745332 |2 gnd | |
| 651 | 7 | |a Ostmitteleuropa |0 (DE-588)4075753-5 |0 (DE-603)085214485 |2 gnd | |
| 773 | 0 | 8 | |i Enthalten in |t Veit Stoss |d München : Dt. Kunstverlag, 1985 |h 355 Seiten, Illustrationen |z 3422007563 |g (1985), Seite 260-268 |w (DE-603)00447130X |
| 924 | 0 | |9 2080 |a (DE-603)1338937731 |b DE-2080 |c HES |d d |g / | |


